Statistics for U.S. Electoral College Landslides

Click here to take the quiz!

General Stats

  • This quiz has been taken 5,539 times
    (5,516 since last reset)
  • The average score is 10 of 18

Answer Stats

Wins Losses Candidate % Correct
1789, 1792George Washington
96%
1932, 1936Franklin Roosevelt
94%
1980, 1984Ronald Reagan
94%
1972Richard Nixon
91%
1864Abraham Lincoln
87%
1964Lyndon Johnson
84%
1956Dwight Eisenhower
84%
1804Thomas Jefferson
80%
1980Jimmy Carter
64%
1820James Monroe
58%
1932Herbert Hoover
41%
1984Walter Mondale
39%
1964Barry Goldwater
29%
1956Adlai Stevenson
21%
1972George McGovern
21%
1864George B. McClellan
12%
1936Alf Landon
10%
1804Charles Pinckney
5%

Score Distribution

Percentile by Number Answered

Percent of People with Each Score

Your Score History

You have not taken this quiz since the last reset